000 00370nam a22001457a 4500
005 20251204111358.0
008 251204b |||||||| |||| 00| 0 eng d
020 _a978-81-7371-827-4
050 _aR 606.V35 2013
100 _aVALIATHAN M.S
245 _aAN INTRODUCTION TO AYUVERDA
260 _aINDIA
_bUNIVERSITY PRESS
_c2013
300 _aX,145
942 _2lcc
_cBK
999 _c216334
_d216334